| 000 | 00878nim a22002177a 4500 | ||
|---|---|---|---|
| 005 | 20090801155153.0 | ||
| 008 | 070328s2005 ii nnn| a | eng | ||
| 010 | _aENG-94617 | ||
| 020 |
_a9788120337343 _c295.00 |
||
| 035 | _aEN-78150 | ||
| 037 | _bDBAD / PUB | ||
| 040 |
_adpl _bEnglish |
||
| 082 | _a006.78 | ||
| 100 | _aSampson, Michael | ||
| 245 |
_aSeamless teamwork: _busing Microsoft sharepoint technologies to collaborate, innovate, and drive business in New ways / _cby Michale Sampson |
||
| 260 |
_aNew Delhi _bPHI Learning _c2008 |
||
| 270 |
_aM-97, Connaught Circus _bNew Delhi _e110001 |
||
| 300 |
_axvi, 286p. _c25cm(pbk) |
||
| 942 |
_2ddc _cEN _h006.78 _mSAM |
||
| 999 |
_c28844 _d28844 |
||